MRCOG Part 2 550 MCQs EMQs AND SAQs
Zapisane w:
| 1. autor: | |
|---|---|
| Format: | Książka |
| Język: | angielski |
| Wydane: |
JP Publishers
2013
|
| Etykiety: |
Dodaj etykietę
Nie ma etykietki, Dołącz pierwszą etykiete!
|
MARC
| LEADER | 00000nam a22000007a 4500 | ||
|---|---|---|---|
| 008 | 240827b |||||||| |||| 00| 0 eng d | ||
| 020 | |a 9781907816505 | ||
| 100 | |a WUNTAKAL, Rekha | ||
| 245 | |a MRCOG Part 2 |b 550 MCQs EMQs AND SAQs |c /Rekha Wuntakal |g xii, 515p | ||
| 260 | |b JP Publishers |c 2013 |h London |i 700353 |i 700354 |l RG111.W96 |m Obsterics |m Gynecology | ||
| 500 | |a it includes index | ||
| 942 | |a lcc |c BK |e Johnson |f 28/08/24 | ||
| 952 | |0 0 |1 0 |2 lcc |4 0 |6 RG0111 W96 |7 0 |9 5525 |a HE |b HOL |c QZ |d 2024-08-27 |l 0 |o RG111.W96 |p 2024-0765 |r 2024-08-27 00:00:00 |t 700353 |w 2024-08-27 |y BK | ||
| 952 | |0 0 |1 0 |2 lcc |4 0 |6 RG0111 W96 |7 0 |9 5526 |a HE |b HOL |c QZ |d 2024-08-27 |l 0 |o RG111.W96 |p 2024-0766 |r 2024-08-27 00:00:00 |t 700354 |w 2024-08-27 |y BK | ||
| 999 | |c 2728 |d 2728 | ||